| 000 | 00000nam##2200000za#4500 |
| 001 | 9.687170 |
| 003 | CaOODSP |
| 005 | 20210624230846 |
| 007 | cr ||||||||||| |
| 008 | 150407|2002||||xxc|||||o f|0| 0 eng|d |
| 040 | |aCaOODSP|beng |
| 043 | |an-cn--- |
| 086 | 1 |aA22-240/2001E-PDF |
| 110 | 1 |aCanada.|bAgriculture and Agri-Food Canada. |bStrategic Policy Branch. |
| 245 | 13|aAn economic analysis of a major bio-fuel program undertaken by OECD countries / |h[electronic resource]|c[Published by the] Research and Analysis Directorate. |
| 260 | |aOttawa - Ontario : |bAgriculture and Agri-Food Canada. |c2002. |
| 300 | |a21p.|bgraphs, tables |
| 500 | |aThe catalogue number (A22-240/2001) and ISBN (0-662-66254-7) for the bilingual print edition have been incorrectly copied in this electronic publication. |
| 590 | |a10-08-Supp|b2010-10-06 |
| 690 | 07|aFuels|2gcpds |
| 690 | 07|aEconomic analysis|2gcpds |
| 775 | 08|tAnalyse économique d'un important programme de production de biocarburants mis en oeuvre dans les pays de l'OCDE / |w(CaOODSP)9.631631 |
| 776 | 0#|tAn economic analysis of a major bio-fuel program undertaken by OECD countries |w(CaOODSP)9.663423 |
| 776 | 0#|tAnalyse économique d'un important programme de production de biocarburants mis en oeuvre dans les pays de l'OCDE |w(CaOODSP)9.663424 |
| 856 | 40|ahttp://publications.gc.ca|qPDF|s320 KB|uhttps://publications.gc.ca/collections/Collection/A22-240-2001E.pdf |